| 000 | 00830nam a22002897a 4500 | ||
|---|---|---|---|
| 003 | CHAP | ||
| 005 | 20220329134303.0 | ||
| 008 | 971013s1956 r 00010 d | ||
| 010 | _a18137 | ||
| 011 | _a19109 | ||
| 035 | _a23194 | ||
| 040 | _cCHAP | ||
| 082 |
_a575.1 _bD45 |
||
| 100 | 0 | 0 |
_aDemerec, Minislav. _931729 |
| 245 | _aGenetics studies with bacteria | ||
| 260 |
_aWashingtong : _bCarnegie Inst., _c1956 |
||
| 300 | _a136 p. | ||
| 590 |
_aBATCH-UPD _b10 _c20130110 _lUCH01 _h1810 |
||
| 590 |
_aBATCH-UPD _b10 _c20130410 _lUCH01 _h1145 |
||
| 590 |
_aBATCH-UPD _b10 _c20130914 _lUCH01 _h0516 |
||
| 590 |
_aCONVERSION _b10 _c20130109 _lUCH01 _h1311 |
||
| 650 | 1 | 4 |
_aBacterias. _99318 |
| 650 | 1 | 4 |
_aGenética. _947469 |
| 901 | _aBK | ||
| 942 | _cLIBRO | ||
| 949 |
_a575.1 D45 _bBC _cLIBRO _d33724000479457 _eLIBRO _h8465 _i23194 _si |
||
| 999 |
_c18137 _d18137 |
||